000 01180nam a2200229Ia 4500
003 Ost
005 20260507075623.0
008 260507s9999||||xx |||||||||||||| ||und||
020 _a9789947780046
040 _cfsecg
041 _aara
082 _a657.46
100 _aالعيد، محمد
_eمؤلف
245 0 _aمن المحاسبة العامة إلى المحاسبة المالية :
_bمقارنة بين النظام المحاسبي المالي (SCF) والمخطط المحاسبي الوطني (PCN) : أمثلة وحالات تطبيقية /
_c محمد العيد
260 _aالجزائر:
_bالنشر الجامعي الجديد,
_c2020
300 _a145 صفحة؛
_bإيضاحات ؛
_c24 سم
504 _aمراجع ص.141
520 _aيتضمن الكتاب مقارنة بين الأنظمة المحاسبية المستعملة في الجزائر منذ الإستقلال وإلى الآن، وبالأخص النظام المحاسبي المالي حاليا والمخطط المحاسبي الوطني سابقا.
653 _aالمحاسبة التحليلية
653 _aالنظام المحاسبي
942 _cكتاب
999 _c45150
_d45150